| 000 | 01436nam a22003494a 4500 | ||
|---|---|---|---|
| 001 | ebr10103734 | ||
| 003 | CaPaEBR | ||
| 006 | m u | ||
| 007 | cr cn||||||||| | ||
| 008 | 030213s2003 enka sb 001 0 eng | ||
| 010 | _z 2003042912 | ||
| 020 | _z1403904316 | ||
| 040 |
_aCaPaEBR _cCaPaEBR |
||
| 035 | _a(OCoLC)559940432 | ||
| 043 | _an-us--- | ||
| 050 | 1 | 4 |
_aHQ745 _b.B67 2003eb |
| 082 | 0 | 4 |
_a395.2/2 _221 |
| 100 | 1 |
_aBoden, Sharon, _d1974- |
|
| 245 | 1 | 0 |
_aConsumerism, romance, and the wedding experience _h[electronic resource] / _cSharon Boden. |
| 260 |
_aHoundmills, Basingstoke, Hampshire ; _aNew York : _bPalgrave Macmillan, _c2003. |
||
| 300 |
_axi, 195 p. : _bill. |
||
| 504 | _aIncludes bibliographical references (p. 183-192) and index. | ||
| 533 |
_aElectronic reproduction. _bPalo Alto, Calif. : _cebrary, _d2013. _nAvailable via World Wide Web. _nAccess may be limited to ebrary affiliated libraries. |
||
| 650 | 0 |
_aWeddings _xEconomic aspects _zUnited States. |
|
| 650 | 0 |
_aWeddings _zUnited States _xEquipment and supplies. |
|
| 650 | 0 |
_aMarriage in popular culture _zUnited States. |
|
| 650 | 0 |
_aConsumption (Economics) _zUnited States. |
|
| 651 | 0 |
_aUnited States _xSocial life and customs. |
|
| 655 | 7 |
_aElectronic books. _2local |
|
| 710 | 2 | _aebrary, Inc. | |
| 856 | 4 | 0 |
_uhttp://site.ebrary.com/lib/rucke/Doc?id=10103734 _zAn electronic book accessible through the World Wide Web; click to view |
| 999 |
_c206395 _d206395 |
||